00325nam a2200133Ia 450000500170000000800410001702000150005808200130007310000200008624500140010626000410012030000120016165000180017320250428025955.0240331s9999 xx 000 0 und d a9559525425 bRAJa891 aRajakaruna, T.S 0aPajaroiya aColombobNihal Raja Karunanagec1990 a67 p ., aShort Stories